000
00309nam a2200133Ia 4500
003
OSt
005
20240108124449.0
008
170524s9999 xx 000 0 und d
040
_c
IIMT UNIVERSITY
100
_a
GODGIL- VASUDHA
245
0
_a
MEDIA KE BHASHA
260
_b
New Delhi : Adhiyaya
942
_2
ddc
_c
01
999
_c
9450
_d
9450